| 000 | 00568nam a2200193Ia 4500 | ||
|---|---|---|---|
| 008 | 241004s9999 xx 000 0 und d | ||
| 020 | _a9780192859082 | ||
| 037 | _aTextbook | ||
| 040 |
_aARTS _beng _cARTS |
||
| 041 |
_aeng _2eng |
||
| 084 |
_aW:5.2 R2 _qARTS |
||
| 100 |
_aRoy Anupama Au. _9724690 |
||
| 245 |
_aCitizenship regimes, law, and belonging: the CAA and NRC _cRoy Anupama Au. |
||
| 260 |
_aUK _bOxford Oxford University Press _c2022 |
||
| 300 | _avi,270p. | ||
| 365 |
_aINR _b1495 |
||
| 942 |
_cTB _hW:5.2 R2 |
||
| 999 |
_c1218841 _d1218841 |
||